Science Quiz

Random Science or Clip Quiz

Animals Narrated by David Attenborough II Quiz Stats

 Plays Quiz Updated Mar 2, 2017

Support Sporcle.
Go Orange.
Score 0/14 Timer 06:00
0 Plays Today
Clip Animal % Correct
1Ostrich
90.6%
5Cheetah
86.2%
7Mexican Free-Tailed Bat
83.8%
6Saltwater Crocodile
78%
2European Hedgehog
77.2%
14Polar Bear
74.4%
8European Mantis
63.1%
Clip Animal % Correct
4Deep Sea Angler Fish
58.1%
13Panther Chameleon
49.4%
11Angulate Tortoise
45.5%
12Meerkat
45%
10European Cuckoo
41.8%
3Giraffe
39.8%
9Kiwi
23.7%

You're not logged in!

Compare scores with friends on all Sporcle quizzes.
OR
Log In
Forgot?

From the Vault

Subcategory Sort: Automobiles, Restaurants, University

by BookishGirl98

We put them all in the category of things that can get very expensive very quickly.
Remove Ads.
Support Sporcle.
Get the best of Sporcle when you Go Orange. This ad-free experience offers more features, more stats, and more fun while also helping to support Sporcle. Thank you for becoming a member.

Show Comments

Extras

Top Quizzes Today


Score Distribution

Your Account Isn't Verified!

In order to create a playlist on Sporcle, you need to verify the email address you used during registration. Go to your Sporcle Settings to finish the process.

Report this User

Report this user for behavior that violates our Community Guidelines.

Details: